Hôtels de Disneyland Paris - Statistiques

Statistiques générales
  • Ce quiz a été pris 260 fois
  • Le résultat moyen est 5 sur 7
Statistiques - réponses
Hôtels de Disneyland Paris % Correct
Disney Hotel Santa Fe
86%
Disneyland Hôtel
81%
Disney Hôtel Cheyenne
80%
Disney Sequoia Lodge
76%
Disney Newport Bay Club
70%
Disney Davy Crockett Ranch
45%
Disney Hotel New York-The Art of Marvel
40%
Aucun quiz correspondant
Distribution des résultats
% des personnes avec chaque résultat
Percentile par nombre de réponses
Votre historique - résultats
Vous n’avez pas pris ce quiz